000 00305nam a22001217a 4500
008 181123b xxu||||| |||| 00| 0 eng d
041 _aeng
080 _a043.3
100 _a0
101 _aBTH-SHKI
245 _aKrahasimi i Protokoleve OSPF dhe EIGRP ne aspektin e sigurise
_cEjupi, L
942 _2udc
_cBK
999 _c52437
_d52437